01358nam a2200265Ia 4500001000600000003000900006008004100015040001300056040001300069041001300082100001900095100002900114245001800143245001800161250001100179260001100190260001500201260004900216300005700265500066400322650002800986650003101014700001801045700002901063H0236IT-RoPAU130308s9999 xx 000 0 und d aIT-RoPAU cIT-RoPAU aITALIANO aBordoni Andrea gCodice Aut. SPICS: 56310 aPeter Jackson bPeter Jackson a1a ed. aMILANO bIl Castoro c2002 [1° Ed.:2002 - Ed.Ling.Originale:2002] a"144 p. (prefazione: no ; testo: 144 [pagine: 0-0])" a"Peter Jackson Nasce nel 1961 a Wellington, Nuova Zelanda. col suo Cinema Vorticoso e Beffardo, Splatter Ma Romantico, Citazionista Ma Iconoclasta, E'Riuscito a Portare nella Sua terra I Finanziamenti di Hollywood. I Suoi Film, Dagli Esordi a budget Ridottissimi Ai kolossal Digitali, Sono un Concentrato di Acute Osservazioni Psicologiche, Attenti a Tematiche Attuali Qualila Globalizzazione, la Funzione dei Media e la Dissoluzione del Corpo. Trai Suoi Film: fuori di testa (1987); Splatters gli Schizzacervelli (1992); Creature del Cielo (1994); Sospesi nel Tempo (1996); Il signore degli Anelli la compagnia dell'Anello (2001). Filmografia. Bibliografia." aAUTORI/OPERE DEL CINEMA eCodice materia Spics: 6807 aMarino Matteo gCodice Aut. SPICS: 56311